| 000 | 00809nam a22002057a 4500 | ||
|---|---|---|---|
| 999 |
_c16225 _d16225 |
||
| 003 | AR-CdUCM | ||
| 008 | 190427b ||||| |||| 00| 0 spa d | ||
| 040 |
_aMUNICIPALIDAD PROVINCIAL DEL CUSCO _cBIBLIOTECA MUNICIPAL DEL CUSCO |
||
| 082 |
_aEP / 803 / _bC29 |
||
| 100 |
_aCarpio Gamarra, Rómulo del _935542 |
||
| 245 |
_aEl ponchito de arco iris : _bY otros cuentos / |
||
| 260 |
_aCusco : _bCorporación gráfica Rosita EIRL, _c2013. |
||
| 300 |
_a90 páginas ; _c20 cm. |
||
| 505 | _aContenido : El guerrero Qanchi -- El ponchito de arco iris -- Leyenda del Qanchimachu -- El ojo de la pachamama -- Cruz velakuy ... | ||
| 650 |
_aCuentos tradicionales. _925573 |
||
| 650 |
_aHistorietas. _910786 |
||
| 700 |
_aHuillca Curse, Trinidad Mónica. _935543 |
||
| 942 |
_2ddc _cLIBROS |
||
| 945 |
_arum1 _d2019-05-02 |
||